000 00314nam a22001337a 4500
008 180124b xxu||||| |||| 00| 0 eng d
020 _a0721659519
041 _aeng
080 _25 ED
_a616.15
100 _a9
101 _aHEM
245 _aHEMATOLOGY OF INFANCY AND CHILDHOOD
_cDAVID.G.N
942 _2udc
_cBK
999 _c40835
_d40835